000 00298nam a22001337a 4500
008 180309b xxu||||| |||| 00| 0 eng d
020 _a0534052800
041 _aeng
080 _a54
100 _a12
101 _aKIM
245 _aFundamentals of organic chemistry
_cMurry,J.M
942 _2udc
_cBK
999 _c44627
_d44627